00509nam a2200145Ia 4500008004100000041000800041082001400049100001900063245004500082260004200127300003000169365000900199999001500208952014000223240624s9999 xx 000 0 und d aeng a658.8 HAL aHALLOWARD JOHN aGIMME THE HUMAN NATURE OF SUCCESSFUL MAR c2007aNew JerseybJohn Wiley and Sons axx, : 216 : p. : cm. ; 23 cb28 c7835d7835 00104070aIMTNbIMTNcRack 32-Bd2007-12-27eBWEg24.95l1m1o658.8 HALp7835r2024-10-24 00:00:00s2024-10-08t41.8w2024-06-24yBK